| 000 | 00845nam a2200241Ia 4500 | ||
|---|---|---|---|
| 008 | 191130s2008##################000#0#eng## | ||
| 020 | _a9781845113377 | ||
| 022 | _a2008300533 | ||
| 040 |
_aACL _cACL |
||
| 082 | _a915.80443 BAU | ||
| 100 | _aBaumer, Christoph | ||
| 245 |
_aTraces in the desert : journeys of discovery across Central Asia _cChristoph Baumer |
||
| 260 |
_aLondon _bI.B. Tauris _c2008 |
||
| 300 | _axxi, 218 p., [32] p. of plates : ill. (chiefly col.), maps | ||
| 500 | _aIncludes bibliographical references (p. [203]-208) and index | ||
| 650 | _aAsia, Central - Antiquities | ||
| 650 | _aAsia, Central - Civilization | ||
| 650 | _aAsia, Central - Description and travel | ||
| 650 | _aBaumer, Christoph - Travel - Asia, Central | ||
| 990 | _ac26232fbac10000c15dbed8e6d40fb07 | ||
| 991 | _a114548 | ||
| 999 |
_c81399 _d81399 |
||